| 000 | 00637nam a22002057a 4500 | ||
|---|---|---|---|
| 003 | OSt | ||
| 005 | 20250826070933.0 | ||
| 008 | 250826b |||||||| |||| 00| 0 eng d | ||
| 020 | _a13: 978-0-13-173821-8. | ||
| 040 |
_aDWCL-Main lib _cOC |
||
| 082 |
_27th ed. _aCirc.158.3 G449i 2008 |
||
| 100 | _aGibson, Robert L. | ||
| 245 |
_aIntroduction to counseling and guidance/ _cGibson, Robert L. |
||
| 250 | _a7th ed. | ||
| 260 |
_aN. J. : _bPearson Education Inc., _cc2008. |
||
| 300 |
_axviii, 523 p. : _b: ill. ; _c24 cm. |
||
| 650 | _aCounseling psychology. | ||
| 700 | _aMitchell, Marianne H. | ||
| 942 |
_2ddc _cBK-CIRC _e7th ed. _kCirc. _n0 |
||
| 999 |
_c4277 _d4277 |
||